| 000 | 00365 a2200157 4500 | ||
|---|---|---|---|
| 001 | 58988 | ||
| 020 | _a851604047X | ||
| 040 | _cAnchieta - Pituba | ||
| 100 | _aChiavenato, Júlio josé | ||
| 240 | 1 | 0 |
_aO golpe de 64 e a ditadura militar _lpor |
| 245 | 1 | 0 | _aO golpe de 64 e a ditadura militar |
| 300 | _a192 | ||
| 362 | 0 | _a2004 | |
| 650 | 4 | _aBrasil | |
| 942 | _cBK | ||
| 999 |
_c58988 _d58988 |
||